Dr. Weisz Sámuel [gyászjelentés]
Elmentve itt :
| Dokumentumtípus: | Cikk |
|---|---|
| Megjelent: |
1937-03-17
|
| Sorozat: | Délmagyarország
13 No. 61 |
| Kulcsszavak: | Weisz Sámuel, Weisz Sámuelné Haas Katinka özv., Gyászjelentés |
| Online Access: | http://dmarchiv.bibl.u-szeged.hu/40414 |
| LEADER | 00461nab a2200145 i 4500 | ||
|---|---|---|---|
| 001 | delm40414 | ||
| 005 | 20180927130029.0 | ||
| 008 | 180927s1937 hu o 0|| hun d | ||
| 040 | |a SZTE Délmagyarország Archívum |b hun | ||
| 041 | |a hun | ||
| 245 | 0 | 0 | |a Dr. Weisz Sámuel |h [elektronikus dokumentum] : |b [gyászjelentés] |
| 260 | |c 1937-03-17 | ||
| 300 | |a 2 | ||
| 490 | 0 | |a Délmagyarország |v 13 No. 61 | |
| 695 | |a Weisz Sámuel, Weisz Sámuelné Haas Katinka özv., Gyászjelentés | ||